000 00655cam a2200229ua 4500
001 65682
003 BD-RjUL
005 20211209081443.0
008 140215r19471906enk 000 0 eng d
035 _a(BD-RjUL)65812
040 _aDLC
_dDLC
_dBD-RjUL
_beng
041 _aeng
082 _223
_a799.1
_bWAC 1965
100 1 _aWalton, Izaak,
_d1593-1683.
_9560
245 1 4 _aThe compleat angler /
_cIzaak Walton.
260 _aLondon :
_bEveryman's lib.,
_c1906 [reprinted 1947]
300 _axIiv, 214, p. ;
_c18 cm.
490 _aEveryman's Library ;
_v70.
650 0 _aFishing.
_938700
830 _aEveryman's Library,
_v70.
_9187852
942 _2ddc
_cBK
999 _c65682
_d65682